header

Social capital, diversity, and the welfare state (Record no. 127717)

MARC details
000 -LEADER
fixed length control field 01753nam a2200469 a 4500
082 04 - DEWEY DECIMAL CLASSIFICATION NUMBER
Classification number 302
245 00 - TITLE STATEMENT
Title Social capital, diversity, and the welfare state
260 ## - PUBLICATION, DISTRIBUTION, ETC. (IMPRINT)
Place of publication Vancouver :
Name of publisher UBC Press,
Year of publication c2007.
300 ## - PHYSICAL DESCRIPTION
Number of Pages ix, 352 p.
490 1# - SERIES STATEMENT
Series statement Equality, security, community,
650 #0 - SUBJECT ADDED ENTRY--TOPICAL TERM
Topical Term Social capital (Sociology)
Topical Term Cultural pluralism
Topical Term Multiculturalism
Topical Term Trust
Topical Term Welfare state
Topical Term Capital social (Sociologie)
Topical Term Pluralisme
Topical Term Confiance
700 1# - ADDED ENTRY--PERSONAL NAME
Personal name Johnston, Richard,
Personal name Kay, Fiona.
856 40 - ELECTRONIC LOCATION AND ACCESS
Uniform Resource Identifier http://site.ebrary.com/lib/rucke/Doc?id=10214467

No items available.

© 2026 Rongo University
Contact us: librarian | system librarian | Rongo university